Final Fantasy XI Quested Weapon Skills Quiz Stats

 Plays Quiz not verified by Sporcle

Challenge
Share
Tweet
Embed
Score 0/14 Timer 03:00
0 Plays Today
Weapon Skill % Correct
Hand-to-HandAsuran Fists
86.4%
DaggersEvisceration
79.5%
KatanaBlade: Ku
77.3%
SwordSavage Blade
72.7%
ClubsBlack Halo
68.2%
Great KatanasTachi: Kasha
68.2%
Great SwordsGround Strike
54.5%
Weapon Skill % Correct
PolearmImpulse Drive
52.3%
StaveRetribution
47.7%
AxesDecimation
45.5%
Great AxesSteel Cyclone
40.9%
MarksmanshipDetonator
40.9%
ArcheryEmpyreal Arrow
38.6%
ScytheSpiral Hell
34.1%

You're not logged in!

Compare scores with friends on all Sporcle quizzes.
Join for Free
OR
Log In

You Might Also Like...

Show Comments

Extras

Top Quizzes Today


Score Distribution

Your Account Isn't Verified!

In order to create a playlist on Sporcle, you need to verify the email address you used during registration. Go to your Sporcle Settings to finish the process.

Report this User

Report this user for behavior that violates our Community Guidelines.

Details: